[Event "Oviedo op 9th"]
[Site "Oviedo"]
[Date "2023.07.28"]
[Round "7"]
[White "Alfaya Marcelo, Roberto"]
[Black "Goumas, Georgios"]
[Result "1/2-1/2"]
[WhiteElo "2227"]
[BlackElo "2454"]
[PlyCount "44"]
[EventDate "2023.07.24"]
[EventType "swiss"]
[EventRounds "9"]
[EventCountry "ESP"]
[SourceTitle "CBM 215 Extra"]
[Source "ChessBase"]
[SourceDate "2023.09.30"]
[SourceVersion "1"]
[SourceVersionDate "2023.09.30"]
[SourceQuality "1"]

1. Nf3 Nf6 2. e3 d5 3. c4 e6 4. b3 Bd6 5. Bb2 a6 6. Nc3 0-0 7. Rc1 Nbd7 8. d4 b6 9. Bd3 Bb7 10. 0-0 Qe7 11. Na4 dxc4 12. bxc4 c5 13. Ne5 Rfd8 14. Qe2 cxd4 15. exd4 Ba3 16. Nxd7 Nxd7 17. Bxh7+ Kxh7 18. Qd3+ Kg8 19. Bxa3 Qg5 20. Qg3 Qa5 21. Qb3 Qg5 22. Qg3 Qa5 1/2-1/2

[Event "Madrid-chT Honor 2223"]
[Site "Madrid"]
[Date "2023.02.26"]
[Round "11.3"]
[White "Alfaya Marcelo, Roberto"]
[Black "Cubas Cabrera, Angel Luis"]
[Result "1-0"]
[WhiteElo "2230"]
[BlackElo "2199"]
[PlyCount "73"]
[EventDate "2022.11.20"]
[EventType "team-tourn"]
[EventRounds "14"]
[EventCountry "ESP"]
[SourceTitle "EXT 2024"]
[Source "ChessBase"]
[SourceDate "2023.10.10"]
[SourceVersion "1"]
[SourceVersionDate "2023.10.10"]
[SourceQuality "1"]
[WhiteTeam "San Sebastian de los Reyes"]
[BlackTeam "Alcorcon Diagonal"]
[WhiteTeamCountry "ESP"]
[BlackTeamCountry "ESP"]

1. d4 Nf6 2. c4 e6 3. Nf3 b6 4. e3 Bb7 5. Bd3 d5 6. b3 Nbd7 7. 0-0 Be7 8. Bb2 0-0 9. Nc3 c5 10. Rc1 Ne4 11. cxd5 exd5 12. Qe2 cxd4 13. Nxd4 Ndc5 14. Bb1 Bf6 15. Rfd1 Qe7 16. Qg4 Rfd8 17. Ncb5 Qd7 18. Qxd7 Rxd7 19. f3 Nd6 20. Nxd6 Rxd6 21. Nf5 Bxb2 22. Nxd6 Bxc1 23. Rxc1 Rb8 24. b4 Ne6 25. Bf5 a5 26. Bxe6 fxe6 27. b5 Ba8 28. Kf2 Kf8 29. Rc7 Rd8 30. Nc8 d4 31. e4 d3 32. Ke1 Rd4 33. Nxb6 Bxe4 34. fxe4 Rxe4+ 35. Kd2 Re2+ 36. Kxd3 Rxa2 37. Nc4 1-0

[Event "Madrid-chT Honor 2223"]
[Site "Madrid"]
[Date "2023.01.29"]
[Round "7.3"]
[White "Alfaya Marcelo, Roberto"]
[Black "Lianes Garcia, Marcos"]
[Result "1/2-1/2"]
[WhiteElo "2230"]
[BlackElo "2409"]
[PlyCount "47"]
[EventDate "2022.11.20"]
[EventType "team-tourn"]
[EventRounds "14"]
[EventCountry "ESP"]
[SourceTitle "EXT 2024"]
[Source "ChessBase"]
[SourceDate "2023.10.10"]
[SourceVersion "1"]
[SourceVersionDate "2023.10.10"]
[SourceQuality "1"]
[WhiteTeam "San Sebastian de los Reyes"]
[BlackTeam "Collado Villalba"]
[WhiteTeamCountry "ESP"]
[BlackTeamCountry "ESP"]

1. d4 d5 2. c4 e6 3. Nf3 Nf6 4. e3 Be7 5. b3 0-0 6. Bb2 b6 7. Bd3 Bb7 8. 0-0 Nbd7 9. Nc3 c5 10. Rc1 Rc8 11. Qe2 Qc7 12. cxd5 exd5 13. Bf5 Rcd8 14. Rfd1 Rfe8 15. dxc5 bxc5 16. Bxd7 Qxd7 17. Na4 Rc8 18. Ne5 Qe6 19. Qb5 Ba6 20. Qa5 Bd8 21. Qe1 Be7 22. Qa5 Bd8 23. Qe1 Be7 24. Qa5 1/2-1/2

[Event "ESP-chT CECLUB Div2"]
[Site "Linares"]
[Date "2022.08.23"]
[Round "2.1"]
[White "Grigoryan, Karen H"]
[Black "Alfaya Marcelo, Roberto"]
[Result "1-0"]
[WhiteElo "2631"]
[BlackElo "2246"]
[PlyCount "100"]
[EventDate "2022.08.22"]
[EventType "team-swiss"]
[EventRounds "7"]
[EventCountry "ESP"]
[SourceTitle "CBM 209 Extra"]
[Source "ChessBase"]
[SourceDate "2022.09.30"]
[SourceVersion "1"]
[SourceVersionDate "2022.09.30"]
[SourceQuality "1"]
[WhiteTeam "Naxfor Benalmadena"]
[BlackTeam "San Sebastian de los Reyes"]
[WhiteTeamCountry "ESP"]
[BlackTeamCountry "ESP"]

1. e4 e5 2. Nf3 Nc6 3. Bb5 a6 4. Ba4 Nf6 5. 0-0 Be7 6. d3 b5 7. Bb3 d6 8. c3 0-0 9. Re1 Nb8 10. Nbd2 Nbd7 11. Nf1 h6 12. Ng3 Re8 13. d4 Bb7 14. Bc2 Bf8 15. h3 exd4 16. cxd4 c5 17. d5 g6 18. Bf4 Ne5 19. Nxe5 dxe5 20. Be3 Kh7 21. f4 exf4 22. Bxf4 Bg7 23. Qf3 Qe7 24. Rad1 Rad8 25. Kh2 Nd7 26. e5 Nxe5 27. Bxe5 Bxe5 28. Rxe5 Qxe5 29. Qxf7+ Qg7 30. Bxg6+ Kh8 31. Qxg7+ Kxg7 32. Bxe8 Rxe8 33. Nf5+ Kf6 34. Rf1 Kg6 35. Nd6 Re7 36. Nxb7 Rxb7 37. Re1 Rb6 38. Kg3 Kf5 39. Kf3 h5 40. g4+ hxg4+ 41. hxg4+ Kg5 42. Re5+ Kf6 43. Ke4 a5 44. g5+ Kf7 45. Rf5+ Ke7 46. Ke5 c4 47. Rf6 Rb8 48. d6+ Kd7 49. Kd5 Rg8 50. g6 Kd8 1-0

[Event "La Roda op 48th"]
[Site "La Roda"]
[Date "2022.04.16"]
[Round "6"]
[White "Hernandez Ramos, Alberto"]
[Black "Alfaya Marcelo, Roberto"]
[Result "1/2-1/2"]
[WhiteElo "2086"]
[BlackElo "2229"]
[PlyCount "59"]
[EventDate "2022.04.13"]
[EventType "swiss"]
[EventRounds "9"]
[EventCountry "ESP"]
[SourceTitle "CBM 207 Extra"]
[Source "ChessBase"]
[SourceDate "2022.05.31"]
[SourceVersion "1"]
[SourceVersionDate "2022.05.31"]
[SourceQuality "1"]

1. e4 e5 2. Nf3 Nc6 3. Bb5 Nf6 4. 0-0 Nxe4 5. d4 Nd6 6. Bxc6 dxc6 7. dxe5 Nf5 8. Qxd8+ Kxd8 9. Bg5+ Ke8 10. Nc3 h6 11. Bd2 Be6 12. Rad1 Rd8 13. Rfe1 Be7 14. h3 c5 15. b3 b6 16. Nb5 c6 17. Nc7+ Kd7 18. Nxe6 Kxe6 19. g4 Nd4 20. Nxd4+ cxd4 21. f4 g6 22. Kg2 c5 23. Kf3 h5 24. Ke4 hxg4 25. hxg4 Rh4 26. Rg1 f5+ 27. exf6 Bxf6 28. Be1 Rh3 29. Bg3 Bh4 30. Rd3 1/2-1/2

[Event "La Roda op 48th"]
[Site "La Roda"]
[Date "2022.04.15"]
[Round "5"]
[White "Alfaya Marcelo, Roberto"]
[Black "Lopez Martinez, Josep Manuel"]
[Result "0-1"]
[WhiteElo "2229"]
[BlackElo "2493"]
[PlyCount "142"]
[EventDate "2022.04.13"]
[EventType "swiss"]
[EventRounds "9"]
[EventCountry "ESP"]
[SourceTitle "CBM 207 Extra"]
[Source "ChessBase"]
[SourceDate "2022.05.31"]
[SourceVersion "1"]
[SourceVersionDate "2022.05.31"]
[SourceQuality "1"]

1. c4 e6 2. Nc3 d5 3. d4 Bb4 4. cxd5 exd5 5. Qc2 Ne7 6. Bg5 Nbc6 7. e3 f6 8. Bf4 Bf5 9. Bd3 Bxd3 10. Qxd3 Qd7 11. h4 0-0 12. Nge2 Nd8 13. a3 Bd6 14. Bxd6 Qxd6 15. Rc1 Ne6 16. Na4 b6 17. b4 Kh8 18. g3 Qd7 19. Nb2 Rac8 20. b5 c6 21. bxc6 Nxc6 22. 0-0 Na5 23. a4 g6 24. Kg2 Kg7 25. Rh1 Rxc1 26. Rxc1 Rc8 27. Rc3 Rxc3 28. Qxc3 Kf7 29. Qc2 Qc7 30. Qxc7+ Nxc7 31. Nc3 a6 32. Nd3 Nc6 33. Kf3 Ke7 34. Ke2 Kd6 35. Kd2 Na5 36. Nb4 Nb7 37. Kc2 Ke6 38. Nd3 Na5 39. Nf4+ Kd6 40. Kd3 Nc6 41. Kc2 Ne7 42. Kd3 Ne6 43. Nfe2 Nc6 44. Na2 f5 45. Kc3 Nc7 46. Nb4 Nxb4 47. Kxb4 a5+ 48. Kb3 Ne8 49. Nf4 Nf6 50. f3 Kc6 51. Ne6 Kd7 52. Nf4 Kd6 53. Kc3 Kc6 54. Ne6 b5 55. axb5+ Kxb5 56. Nf8 a4 57. g4 fxg4 58. fxg4 Ne4+ 59. Kc2 g5 60. hxg5 Nxg5 61. Nd7 Ne4 62. Kb2 Kb4 63. Nb6 a3+ 64. Kc2 Nc3 65. g5 Na4 66. Nxd5+ Kc4 67. Kb1 Kxd5 68. Ka2 Nb6 69. Kxa3 Nc4+ 70. Kb3 Nxe3 71. Kc3 Nf5 0-1

[Event "Madrid-chT Honor 2122"]
[Site "Madrid"]
[Date "2022.02.26"]
[Round "11.2"]
[White "Alfaya Marcelo, Roberto"]
[Black "De la Puerta Cresis, Javier"]
[Result "1/2-1/2"]
[WhiteElo "2233"]
[BlackElo "2139"]
[PlyCount "92"]
[EventDate "2021.11.27"]
[EventType "team-tourn"]
[EventRounds "14"]
[EventCountry "ESP"]
[SourceTitle "EXT 2024"]
[Source "ChessBase"]
[SourceDate "2023.10.10"]
[SourceVersion "1"]
[SourceVersionDate "2023.10.10"]
[SourceQuality "1"]
[WhiteTeam "San Sebastian de los Reyes"]
[BlackTeam "La Didactica"]
[WhiteTeamCountry "ESP"]
[BlackTeamCountry "ESP"]

1. c4 Nf6 2. Nc3 c5 3. g3 d5 4. cxd5 Nxd5 5. Bg2 Nc7 6. Nf3 Nc6 7. 0-0 e5 8. d3 Be7 9. Nd2 Bd7 10. Nc4 f6 11. f4 exf4 12. Bxf4 0-0 13. a4 Ne6 14. Nd5 Nxf4 15. Rxf4 Be6 16. Nxe7+ Qxe7 17. Bxc6 bxc6 18. Qc2 Rab8 19. Rc1 Rb4 20. Na5 Rxf4 21. gxf4 Qd6 22. e3 Rd8 23. f5 Bxf5 24. Qxc5 Qxc5 25. Rxc5 Bxd3 26. Nxc6 Rd7 27. b4 Be4 28. Nd4 Kf7 29. h4 Ke7 30. Kf2 Rb7 31. b5 Kd6 32. Rc8 Rc7 33. Rd8+ Rd7 34. Re8 Re7 35. Rg8 Kc5 36. a5 Kb4 37. a6 Kc5 38. h5 Bd5 39. Rc8+ Kb6 40. Rd8 Kc5 41. h6 gxh6 42. Rc8+ Kb6 43. Rf8 Rf7 44. Rd8 Kc5 45. Rc8+ Kb6 46. Rd8 Kc5 1/2-1/2

[Event "Madrid-chT Honor 2122"]
[Site "Madrid"]
[Date "2022.02.20"]
[Round "10.2"]
[White "Rubio Mejia, Luis Ignacio"]
[Black "Alfaya Marcelo, Roberto"]
[Result "1-0"]
[WhiteElo "2409"]
[BlackElo "2233"]
[PlyCount "107"]
[EventDate "2021.11.27"]
[EventType "team-tourn"]
[EventRounds "14"]
[EventCountry "ESP"]
[SourceTitle "EXT 2024"]
[Source "ChessBase"]
[SourceDate "2023.10.10"]
[SourceVersion "1"]
[SourceVersionDate "2023.10.10"]
[SourceQuality "1"]
[WhiteTeam "Virgen de Atocha"]
[BlackTeam "San Sebastian de los Reyes"]
[WhiteTeamCountry "ESP"]
[BlackTeamCountry "ESP"]

1. c4 e6 2. Nc3 d5 3. d4 Nf6 4. cxd5 exd5 5. Bg5 Nbd7 6. e3 c6 7. Bd3 Bd6 8. Qc2 h6 9. Bh4 0-0 10. Nf3 Re8 11. g4 g5 12. Bg3 Bxg3 13. hxg3 Nxg4 14. Qe2 Ndf6 15. 0-0-0 Kg7 16. Nd2 b5 17. Kb1 a5 18. Rc1 Bd7 19. Nb3 Ne4 20. Nxe4 dxe4 21. Bc2 Nf6 22. f3 exf3 23. Qxf3 Bg4 24. Qf2 Qe7 25. Rcf1 Ne4 26. Qh2 Rh8 27. Nd2 Nxd2+ 28. Qxd2 Rae8 29. e4 Be6 30. d5 cxd5 31. exd5 Bd7 32. Qxa5 Qd6 33. Qc3+ Re5 34. Qf3 f6 35. Rd1 b4 36. Rd4 Rc8 37. Qh5 f5 38. Bb3 Be8 39. Qd1 Bg6 40. Ka1 Re3 41. Rg1 Kh7 42. Bc2 Qc5 43. Bb1 b3 44. g4 bxa2 45. Bxf5 Bxf5 46. gxf5 Qd6 47. Rd3 Re4 48. Qh5 Qf6 49. d6 Rb4 50. Rd2 Rcb8 51. d7 Rd8 52. Re1 Qxf5 53. Re7+ Kg8 54. Qe8+ 1-0

[Event "ESP-chT Rapid"]
[Site "Ciudad Real"]
[Date "2021.10.09"]
[Round "5.6"]
[White "Alfaya Marcelo, Roberto"]
[Black "Ingunza Curro, Andres"]
[Result "0-1"]
[WhiteElo "2194"]
[BlackElo "2382"]
[PlyCount "128"]
[EventDate "2021.10.09"]
[EventType "team-swiss (rapid)"]
[EventRounds "9"]
[EventCountry "ESP"]
[SourceTitle "CBM 204 Extra"]
[Source "ChessBase"]
[SourceDate "2021.11.30"]
[SourceVersion "1"]
[SourceVersionDate "2021.11.30"]
[SourceQuality "1"]
[WhiteTeam "San Sebastian de los Reyes"]
[BlackTeam "Tajamar"]
[WhiteTeamCountry "ESP"]
[BlackTeamCountry "ESP"]

1. c4 e6 2. Nc3 d5 3. d4 Nf6 4. cxd5 exd5 5. Bg5 Be7 6. e3 c6 7. Qc2 Nbd7 8. Nf3 Nh5 9. Bxe7 Qxe7 10. Be2 g6 11. 0-0 Nb6 12. Ne5 Ng7 13. Bd3 0-0 14. Na4 Bf5 15. Nc5 f6 16. Nf3 Rfe8 17. Nd2 Bxd3 18. Qxd3 Nf5 19. b4 Nd6 20. Rab1 Nbc4 21. Nxc4 Nxc4 22. a4 b6 23. Na6 Rac8 24. b5 Red8 25. bxc6 Rxc6 26. Rb5 Qa3 27. Qxa3 Nxa3 28. Rb3 Nc4 29. Rd1 Kf7 30. Kf1 Ke6 31. Ke2 Na5 32. Rb5 Rc4 33. Ra1 Nb7 34. Ra2 Rdc8 35. Rbb2 g5 36. Kd3 f5 37. Rc2 Na5 38. Rxc4 Rxc4 39. Rc2 Kd6 40. Rxc4 Nxc4 41. Kc3 h5 42. Nb4 a5 43. Nd3 h4 44. g3 hxg3 45. hxg3 Kc6 46. Ne1 b5 47. axb5+ Kxb5 48. Kb3 Nd2+ 49. Ka3 Ne4 50. Nd3 Kc4 51. Ne5+ Kc3 52. f3 Nxg3 53. Ka4 Kd2 54. Nf7 Kxe3 55. Nxg5 Kxd4 56. Kxa5 Ke3 57. Kb4 d4 58. Nf7 d3 59. Ne5 d2 60. Nc4+ Ke2 61. Nxd2 Kxd2 62. Kc4 Ke3 63. f4 Kxf4 64. Kd4 Kf3 0-1

[Event "ESP-chT CECLUB Div2"]
[Site "Linares"]
[Date "2021.08.13"]
[Round "7.4"]
[White "Alfaya Marcelo, Roberto"]
[Black "Granero Roca, Antonio"]
[Result "1/2-1/2"]
[WhiteElo "2212"]
[BlackElo "2359"]
[PlyCount "62"]
[EventDate "2021.08.09"]
[EventType "team-swiss"]
[EventRounds "7"]
[EventCountry "ESP"]
[SourceTitle "CBM 203 Extra"]
[Source "ChessBase"]
[SourceDate "2021.09.30"]
[SourceVersion "1"]
[SourceVersionDate "2021.09.30"]
[SourceQuality "1"]
[WhiteTeam "San Sebastian de los Reyes"]
[BlackTeam "Silla Bosch Serinsys II"]
[WhiteTeamCountry "ESP"]
[BlackTeamCountry "ESP"]

1. d4 Nf6 2. c4 c5 3. Nf3 g6 4. Nc3 cxd4 5. Nxd4 d6 6. e4 Nc6 7. Be2 Nxd4 8. Qxd4 Bg7 9. Be3 0-0 10. Qd2 Be6 11. Rc1 Qa5 12. 0-0 Rfc8 13. b3 a6 14. f3 b5 15. Nd5 Qxd2 16. Bxd2 Nxd5 17. cxd5 Bd4+ 18. Kh1 Bd7 19. Rxc8+ Rxc8 20. Rc1 Rxc1+ 21. Bxc1 f5 22. g4 Kf7 23. Kg2 Kf6 24. h3 Ke5 25. Bd3 f4 26. Bd2 h5 27. Kf1 h4 28. Ke2 Bb6 29. Bc3+ Bd4 30. Ba5 Kf6 31. Be1 g5 1/2-1/2

[Event "ESP-chT CECLUB Div2"]
[Site "Linares"]
[Date "2021.08.10"]
[Round "2.7"]
[White "Bernabeu Lopez, Carlos Javier"]
[Black "Alfaya Marcelo, Roberto"]
[Result "1-0"]
[WhiteElo "2411"]
[BlackElo "2212"]
[PlyCount "71"]
[EventDate "2021.08.09"]
[EventType "team-swiss"]
[EventRounds "7"]
[EventCountry "ESP"]
[SourceTitle "CBM 203 Extra"]
[Source "ChessBase"]
[SourceDate "2021.09.30"]
[SourceVersion "1"]
[SourceVersionDate "2021.09.30"]
[SourceQuality "1"]
[WhiteTeam "Reina Brillante"]
[BlackTeam "San Sebastian de los Reyes"]
[WhiteTeamCountry "ESP"]
[BlackTeamCountry "ESP"]

1. d4 Nf6 2. c4 e6 3. Nf3 d5 4. Nc3 Be7 5. Bg5 0-0 6. e3 Nbd7 7. Bd3 b6 8. cxd5 exd5 9. 0-0 Bb7 10. Qc2 h6 11. Bf4 Nh5 12. Be5 Nxe5 13. dxe5 g6 14. Rfd1 Ng7 15. Bc4 c6 16. Bb3 Qc8 17. e4 dxe4 18. Nxe4 Qf5 19. Qc4 b5 20. Qe2 Rad8 21. Qe3 c5 22. Ng3 Qg4 23. h3 Qc8 24. Qxh6 Bxf3 25. gxf3 Qc6 26. Qf4 Ne6 27. Bxe6 Qxe6 28. Kg2 Rxd1 29. Rxd1 Kg7 30. h4 Rh8 31. h5 c4 32. Qg4 Qxe5 33. hxg6 fxg6 34. Rd7 Rf8 35. f4 Qc5 36. Ne4 1-0

[Event "Madrid-chT 2021"]
[Site "Madrid"]
[Date "2021.03.28"]
[Round "6.5"]
[White "Alfaya Marcelo, Roberto"]
[Black "Fernandez Rosado, Roberto"]
[Result "1/2-1/2"]
[WhiteElo "2199"]
[BlackElo "2081"]
[PlyCount "97"]
[EventDate "2021.01.23"]
[EventType "team-tourn"]
[EventRounds "14"]
[EventCountry "ESP"]
[SourceTitle "EXT 2022"]
[Source "ChessBase"]
[SourceDate "2021.10.06"]
[SourceVersion "1"]
[SourceVersionDate "2021.10.06"]
[SourceQuality "1"]
[WhiteTeam "San Sebastian de los Reyes"]
[BlackTeam "Capablanca"]
[WhiteTeamCountry "ESP"]
[BlackTeamCountry "ESP"]

1. c4 e6 2. Nc3 Nf6 3. e4 e5 4. g3 Nc6 5. Bg2 Bc5 6. Nge2 a5 7. 0-0 d6 8. h3 h5 9. d3 Be6 10. Bg5 Qd7 11. Kh2 Nh7 12. Be3 Bxe3 13. fxe3 Ng5 14. h4 Nh7 15. Nd5 0-0-0 16. Nec3 Kb8 17. Nb5 g5 18. Nbxc7 gxh4 19. gxh4 Rdg8 20. Qf3 Rg4 21. Bh3 Rg6 22. Bf5 Bxf5 23. exf5 Rg4 24. Qf2 Qd8 25. Kh3 Nf6 26. Rg1 Rhg8 27. Nxf6 Qxf6 28. Nd5 Qg7 29. Rxg4 hxg4+ 30. Kg3 Nb4 31. Nxb4 axb4 32. a3 b3 33. Rh1 Rc8 34. Rh2 e4 35. d4 Qf6 36. Qf4 Rxc4 37. Qxe4 Rc1 38. Qxg4 Re1 39. Qg5 Qh8 40. Kf3 Qe8 41. f6 Qc6+ 42. d5 Qc1 43. Rf2 Qd1+ 44. Kf4 Qd3 45. Rf3 Qc4+ 46. Kf5 Qd3+ 47. Kf4 Qc4+ 48. Kf5 Qd3+ 49. Kf4 1/2-1/2

[Event "San Sebastian Reyes"]
[Site "San Sebastian de los Reyes"]
[Date "2020.12.06"]
[Round "2"]
[White "Alfaya Marcelo, Roberto"]
[Black "Hernandez Ramos, Alberto"]
[Result "1/2-1/2"]
[WhiteElo "2189"]
[BlackElo "2003"]
[PlyCount "100"]
[EventDate "2020.12.05"]
[EventType "tourn"]
[EventRounds "7"]
[EventCountry "ESP"]
[SourceTitle "EXT 2022"]
[Source "ChessBase"]
[SourceDate "2021.10.06"]
[SourceVersion "1"]
[SourceVersionDate "2021.10.06"]
[SourceQuality "1"]

1. c4 Nf6 2. Nc3 e6 3. e4 d5 4. cxd5 exd5 5. e5 Ne4 6. d4 Bb4 7. Qa4+ Nc6 8. Bb5 0-0 9. Nge2 Nxd4 10. Nxd4 c5 11. Nde2 d4 12. 0-0 dxc3 13. a3 Nd2 14. Bxd2 cxb2 15. Rab1 Bxd2 16. Rfd1 Qa5 17. Qb3 Bb4 18. axb4 Qxb5 19. Rxb2 Be6 20. Qg3 Rfd8 21. Re1 cxb4 22. Nf4 Qxe5 23. Rbe2 Qf6 24. h3 Re8 25. Nd5 Qg6 26. Qh4 Kh8 27. Nc7 b3 28. Nxe8 Rxe8 29. Qa4 Rg8 30. Qxa7 Bc4 31. Re8 h6 32. Qxb7 Be6 33. Rxg8+ Kxg8 34. Re3 Qb1+ 35. Kh2 Qf5 36. Re2 Qf4+ 37. Kg1 Qc1+ 38. Kh2 Qf4+ 39. Kg1 Qc4 40. Qa8+ Kh7 41. Qe4+ Qxe4 42. Rxe4 Kg6 43. Rb4 Kf6 44. f4 Ke7 45. Kf2 Kd6 46. Ke3 Kc5 47. Rb8 Kc4 48. Kd2 g6 49. g4 Kd4 50. Rb4+ Kc5 1/2-1/2

[Event "ESP-chT CECLUB Div2"]
[Site "Linares"]
[Date "2020.08.25"]
[Round "3.1"]
[White "Perez Garcia, Alejandro"]
[Black "Alfaya Marcelo, Roberto"]
[Result "1-0"]
[WhiteElo "2316"]
[BlackElo "2179"]
[PlyCount "101"]
[EventDate "2020.08.24"]
[EventType "team-tourn"]
[EventRounds "6"]
[EventCountry "ESP"]
[SourceTitle "CBM 198 Extra"]
[Source "ChessBase"]
[SourceDate "2020.11.30"]
[SourceVersion "1"]
[SourceVersionDate "2020.11.30"]
[SourceQuality "1"]
[WhiteTeam "Coin CC"]
[BlackTeam "San Sebastian de los Reyes"]
[WhiteTeamCountry "ESP"]
[BlackTeamCountry "ESP"]

1. Nf3 b6 2. g3 Bb7 3. Bg2 Nf6 4. 0-0 c5 5. c4 e6 6. Nc3 Be7 7. b3 0-0 8. Bb2 a6 9. Re1 d6 10. d4 cxd4 11. Nxd4 Bxg2 12. Kxg2 Qc7 13. e4 Nbd7 14. f4 Rfc8 15. Qf3 Bf8 16. Re2 Qb7 17. Rd1 Rc7 18. e5 Qxf3+ 19. Nxf3 dxe5 20. fxe5 Ne8 21. Red2 Nc5 22. Ng5 Rac8 23. Rd8 Rxd8 24. Rxd8 Rd7 25. Rxe8 Rd2+ 26. Kf3 Rxb2 27. Nge4 Nd3 28. Na4 Rxa2 29. Nxb6 Nxe5+ 30. Kf4 f6 31. c5 Rxh2 32. Ke3 Rb2 33. Rc8 Rxb3+ 34. Ke2 Kf7 35. Rc7+ Kg6 36. Nc8 a5 37. Ra7 Nc6 38. Ra6 Nd4+ 39. Kd2 Rb8 40. Ncd6 f5 41. Kc3 Nb5+ 42. Nxb5 Rxb5 43. Rxe6+ Kh5 44. Re5 Kg4 45. Nf2+ Kxg3 46. Nd3 g6 47. Kc4 Rb8 48. c6 a4 49. Ra5 a3 50. Ne5 Rb2 51. Kd4 1-0

[Event "Madrid-chT 1920 Honor"]
[Site "Madrid"]
[Date "2020.02.23"]
[Round "10.5"]
[White "Alfaya Marcelo, Roberto"]
[Black "Alcazar Jimenez, Jesus Alberto"]
[Result "1-0"]
[WhiteElo "2145"]
[BlackElo "2159"]
[PlyCount "105"]
[EventDate "2019.11.24"]
[EventType "team-tourn"]
[EventRounds "12"]
[EventCountry "ESP"]
[SourceTitle "EXT 2021"]
[Source "ChessBase"]
[SourceDate "2020.10.23"]
[SourceVersion "1"]
[SourceVersionDate "2020.10.23"]
[SourceQuality "1"]
[WhiteTeam "San Sebastian de los Reyes"]
[BlackTeam "Getafe"]
[WhiteTeamCountry "ESP"]
[BlackTeamCountry "ESP"]

1. d4 d5 2. c4 c6 3. Nc3 Nf6 4. Nf3 e6 5. Bg5 h6 6. Bh4 dxc4 7. e4 Be7 8. e5 Nd5 9. Bxe7 Qxe7 10. Bxc4 Qb4 11. Qb3 Qxb3 12. Bxb3 Nxc3 13. bxc3 Na6 14. Nd2 0-0 15. Ne4 c5 16. Bc4 cxd4 17. cxd4 Nb4 18. Kd2 Nc6 19. Ke3 Na5 20. Rhc1 Bd7 21. Nd6 Bc6 22. f3 Nxc4+ 23. Rxc4 Rfd8 24. Rb1 Rd7 25. a3 Rad8 26. Rcb4 Rxd6 27. exd6 Rxd6 28. Rc1 Kf8 29. a4 Ke8 30. a5 a6 31. Rb6 Kd7 32. Rc5 Kc7 33. Kd3 Rd7 34. Kc3 Rd6 35. h4 Kb8 36. Re5 Kc7 37. Rc5 Kb8 38. h5 Kc7 39. Kd3 Kb8 40. Ke3 Kc7 41. g4 f6 42. f4 Kd7 43. Rcxc6 Rxc6 44. Rxb7+ Rc7 45. Rxc7+ Kxc7 46. f5 exf5 47. gxf5 Kc6 48. Ke4 Kd6 49. Kd3 Kd5 50. Kc3 Ke4 51. Kc4 Kxf5 52. d5 Ke5 53. Kc5 1-0

[Event "De los Reyes op 21st"]
[Site "De los Reyes"]
[Date "2019.12.08"]
[Round "9"]
[White "Martinez Fernandez, Raul"]
[Black "Alfaya Marcelo, Roberto"]
[Result "1-0"]
[WhiteElo "2203"]
[BlackElo "2171"]
[PlyCount "93"]
[EventDate "2019.11.30"]
[EventType "swiss"]
[EventRounds "9"]
[EventCountry "ESP"]
[SourceTitle "CBM 193 Extra"]
[Source "ChessBase"]
[SourceDate "2020.01.31"]
[SourceVersion "1"]
[SourceVersionDate "2020.01.31"]
[SourceQuality "1"]

1. e4 c5 2. Nf3 d6 3. Bb5+ Bd7 4. Bxd7+ Qxd7 5. c4 Nc6 6. d4 cxd4 7. Nxd4 Nf6 8. Nc3 g6 9. b3 Bg7 10. Bb2 0-0 11. 0-0 Rac8 12. Qd3 a6 13. a4 Rfd8 14. Rad1 b6 15. f4 Qb7 16. Ba1 Nb4 17. Qe2 e6 18. f5 exf5 19. exf5 d5 20. fxg6 hxg6 21. cxd5 Nbxd5 22. Qf3 Rc7 23. Nde2 Rcd7 24. Nxd5 Nxd5 25. Bxg7 Kxg7 26. Nf4 b5 27. Kh1 bxa4 28. bxa4 a5 29. Rd4 Nxf4 30. Qxb7 Rxb7 31. Rxd8 f5 32. g3 Nh3 33. Kg2 Ng5 34. Rfd1 Rb2+ 35. R1d2 Rb3 36. Ra8 Nf3 37. Ra2 g5 38. Rxa5 Kg6 39. Rb5 Rc3 40. a5 g4 41. Rb1 Rc8 42. a6 Rh8 43. h4 f4 44. a7 fxg3 45. a8Q Nxh4+ 46. Kxg3 Nf5+ 47. Kf4 1-0

[Event "De los Reyes op 21st"]
[Site "De los Reyes"]
[Date "2019.12.07"]
[Round "8"]
[White "Alfaya Marcelo, Roberto"]
[Black "Vazquez Gonzalez, Jesus"]
[Result "1-0"]
[WhiteElo "2171"]
[BlackElo "1966"]
[PlyCount "95"]
[EventDate "2019.11.30"]
[EventType "swiss"]
[EventRounds "9"]
[EventCountry "ESP"]
[SourceTitle "CBM 193 Extra"]
[Source "ChessBase"]
[SourceDate "2020.01.31"]
[SourceVersion "1"]
[SourceVersionDate "2020.01.31"]
[SourceQuality "1"]

1. d4 Nf6 2. c4 g6 3. Nc3 Bg7 4. e4 d6 5. h3 0-0 6. Be3 e5 7. d5 Nfd7 8. g4 Na6 9. Nf3 Ndc5 10. Rg1 f6 11. Be2 Kh8 12. a3 f5 13. gxf5 gxf5 14. b4 Nxe4 15. Nxe4 fxe4 16. Ng5 Bf5 17. Bg4 Qf6 18. Bxf5 Qxf5 19. Qg4 Bh6 20. h4 Bxg5 21. Qxf5 Rxf5 22. hxg5 Rg8 23. Rg4 c6 24. Rd1 c5 25. b5 Nb8 26. Rxe4 Nd7 27. Ke2 Nb6 28. Rh1 Rf7 29. Reh4 Rg6 30. a4 Nc8 31. f4 exf4 32. Rxf4 Rxf4 33. Bxf4 Ne7 34. Kf3 Kg7 35. Kg4 Nc8 36. a5 Kg8 37. Bd2 Rg7 38. Bc3 Re7 39. g6 hxg6 40. Rh8+ Kf7 41. Rxc8 Re4+ 42. Kg5 Rxc4 43. Rc7+ Ke8 44. Bf6 Ra4 45. Re7+ Kf8 46. Rxb7 Rxa5 47. Kxg6 Ke8 48. Re7+ 1-0

[Event "Madrid-chT 1920 Honor"]
[Site "Madrid"]
[Date "2019.11.24"]
[Round "1.5"]
[White "Alfaya Marcelo, Roberto"]
[Black "Garcia Bartolome, Sergio"]
[Result "1-0"]
[WhiteElo "2171"]
[BlackElo "2063"]
[PlyCount "115"]
[EventDate "2019.11.24"]
[EventType "team-tourn"]
[EventRounds "12"]
[EventCountry "ESP"]
[SourceTitle "EXT 2021"]
[Source "ChessBase"]
[SourceDate "2020.10.23"]
[SourceVersion "1"]
[SourceVersionDate "2020.10.23"]
[SourceQuality "1"]
[WhiteTeam "San Sebastian de los Reyes"]
[BlackTeam "Liberty Chess"]
[WhiteTeamCountry "ESP"]
[BlackTeamCountry "ESP"]

1. d4 Nf6 2. c4 e6 3. Nc3 d5 4. cxd5 exd5 5. Bg5 Be7 6. e3 0-0 7. Qc2 c6 8. Nf3 Nbd7 9. Bd3 h6 10. Bh4 Re8 11. 0-0 Ne4 12. Bg3 f5 13. Nxd5 Nxg3 14. Nxe7+ Qxe7 15. hxg3 g6 16. Rab1 Kg7 17. b4 a6 18. Rfc1 Nf6 19. Qc5 Be6 20. Qxe7+ Rxe7 21. a4 Ng4 22. b5 axb5 23. axb5 cxb5 24. Nh2 Nxh2 25. Kxh2 Ra2 26. Kg1 Rd2 27. Bxb5 Bd5 28. Bc4 Be4 29. Ra1 g5 30. Ra2 Rxa2 31. Bxa2 b5 32. f3 Bd3 33. Kf2 Ra7 34. Bd5 Ra4 35. e4 f4 36. gxf4 gxf4 37. Rc7+ Kg6 38. Rf7 Bc4 39. Bxc4 Rxc4 40. Rxf4 b4 41. Rf5 Rxd4 42. Ke3 Rc4 43. Rb5 Rc3+ 44. Kd4 Rc2 45. g4 Rf2 46. Ke3 Rb2 47. f4 b3 48. Rb6+ Kg7 49. e5 Rb1 50. Ke4 Re1+ 51. Kf5 Re3 52. Rb7+ Kf8 53. Kf6 Ke8 54. e6 Kd8 55. f5 Kc8 56. Rb4 Kd8 57. Kf7 Rg3 58. e7+ 1-0